000 00471nam a22001817a 4500
003 BDDh-ASL
005 20231015031130.0
008 230207n ii ||||| |||| 00| 0 p d
040 _aBDDh-ASL
_cBDDh-ASL
041 _aper
082 _a297
_bSHM
100 1 _aShahid, Mohammad Ismail
_97172
245 1 0 _aManṣab-e Imāmat : / منصب امامت
260 _aDelhi :
300 _a114 p. :
_c24 cm.
650 0 _a Islamic Discourse
_95142
942 _2ddc
_cBK
999 _c30311
_d30311